000
00476nam a2200181Ia 4500
008
090124s9999 xx 000 0 und d
082
_b
116483
100
_a
मेहता शशिकला
245
_a
हार जीत
250
_a
1
260
_c
1976
300
_a
96
600
_a
मेहता शशिकला
630
_a
हार जीत
700
_a
मेहता शशिकला
730
_a
हार जीत
942
_c
BOOK
999
_c
162569
_d
162569